Normal view
MARC view
- Tanner, John L
Entry Personal Name
001 - CONTROL NUMBER
- control field: 43191
003 - CONTROL NUMBER IDENTIFIER
- control field: NUST
005 - DATE AND TIME OF LATEST TRANSACTION
- control field: 20210314132545.0
008 - FIXED-LENGTH DATA ELEMENTS
- fixed length control field: 210314|| aca||aabn | a|a d
040 ## - CATALOGING SOURCE
- Original cataloging agency: NUST
- Transcribing agency: NUST
100 ## - HEADING--PERSONAL NAME
- Personal name: Tanner, John L
670 ## - SOURCE DATA FOUND
- Source citation: Work cat.: (NUST): Tanner, John L, Theory and problems of reinforced concrete design, 1966
